Kayfa dakhala al-Faransīyūn al-Jazāʼir, waṣf shāhid ʻiyān. (Record no. 46612)

MARC details
000 -LEADER
fixed length control field 00862cam a22002411 4500
001 - CONTROL NUMBER
control field ne 64000120
003 - CONTROL NUMBER IDENTIFIER
control field DLC
005 - DATE AND TIME OF LATEST TRANSACTION
control field 20260227111754.0
008 - FIXED-LENGTH DATA ELEMENTS--GENERAL INFORMATION
fixed length control field 870710s1962 le 000 0 arar
010 ## - LIBRARY OF CONGRESS CONTROL NUMBER
LC control number ne 64000120
035 ## - SYSTEM CONTROL NUMBER
System control number (OCoLC)16159150
040 ## - CATALOGING SOURCE
Original cataloging agency DLC
Transcribing agency WaU
Modifying agency OCoLC
-- DLC
041 1# - LANGUAGE CODE
Language code of text/sound track or separate title ara
Language code of original tur
042 ## - AUTHENTICATION CODE
Authentication code premarc
043 ## - GEOGRAPHIC AREA CODE
Geographic area code f-al---
050 00 - LIBRARY OF CONGRESS CALL NUMBER
Classification number DT291
Item number .J312
100 1# - MAIN ENTRY--PERSONAL NAME
Personal name Jazāʼirī, Aḥmad,
Dates associated with a name -1838.
245 10 - TITLE STATEMENT
Title Kayfa dakhala al-Faransīyūn al-Jazāʼir, waṣf shāhid ʻiyān.
Statement of responsibility, etc. Waḍaʻahu Aḥmad al-Jazāʼirī. Nasharahu wa qaddama lahu Ṣalaḥ al-Dīn al-Munājjid.
260 ## - PUBLICATION, DISTRIBUTION, ETC.
Place of publication, distribution, etc. [Bayrūt]
Name of publisher, distributor, etc. Dār al-Kitāb al-Jadīd
Date of publication, distribution, etc. [1962]
300 ## - PHYSICAL DESCRIPTION
Extent 66 p.
Dimensions 21 cm.
500 ## - GENERAL NOTE
General note Translated from the Turkish original by Muḥammad Ḥalīm Afandī, with an appendix by Rifāʼah Rāfiʻ.
651 #0 - SUBJECT ADDED ENTRY--GEOGRAPHIC NAME
Geographic name Algeria
General subdivision History
Chronological subdivision 1516-1830.

No items available.

Powered by Koha